LIBRARY & INFORMATION CENTRE, KCAET, TAVANUR

ONLINE PUBLIC ACCESS CATALOGUE (OPAC)

Handbook on Mushrooms / (Record no. 6742)

MARC details
000 -LEADER
fixed length control field 00326cam a2200133ua 4500
020 ## - INTERNATIONAL STANDARD BOOK NUMBER
ISBN 8120408829
082 ## - DEWEY DECIMAL CLASSIFICATION NUMBER
Classification number 589.222
Item number BAH/HA
100 ## - MAIN ENTRY--AUTHOR NAME
Personal name Bahl, Nita .
245 ## - TITLE STATEMENT
Title Handbook on Mushrooms /
250 ## - EDITION STATEMENT
Edition statement 3 /
260 ## - PUBLICATION, DISTRIBUTION, ETC. (IMPRINT)
Place of publication New Delhi :
Name of publisher Oxford & IBH Publishing company ,
Year of publication 1998.
300 ## - PHYSICAL DESCRIPTION
Number of Pages 157 ; .
942 ## - ADDED ENTRY ELEMENTS (KOHA)
Koha item type Reference
Holdings
Withdrawn status Lost status Damaged status Collection code Home library Current library Shelving location Date acquired Full call number Accession Number Koha item type
      Reference KAUAET KAUAET Reference 07/04/2012 589.222.BHA/HA 20055 Reference
free website counter